Código de comercio: aprobada por el Decreto Exento No 1368, de 25 de junio de 2014, del Ministerio de Justicia

Gardado en:
Detalles Bibliográficos
Autor Corporativo: Chile
Formato: Libro
Idioma:Lingua castelá
Publicado: Santiago, Chile: Jurídica, 2014
Edición:Vigésima Primera Edición
Subjects:
Tags: Engadir etiqueta
Sen Etiquetas, Sexa o primeiro en etiquetar este rexistro!

MARC

LEADER 00000cam a2200000 a 4500
001 UCE3264
003 CL-VaPUC
005 20241003153432.0
008 140821e20140000cl |||||||||||||||||spa|d
999 |c 356687  |d 356685 
020 |a 9789561022942 
040 |c Pontificia Universidad Católica de Valparaíso 
082 0 4 |a 346.8307 CHI 2014  |2 21 
110 1 |a Chile  |9 890760 
245 1 0 |a Código de comercio: aprobada por el Decreto Exento No 1368, de 25 de junio de 2014, del Ministerio de Justicia 
250 |a Vigésima Primera Edición 
260 |a Santiago, Chile:  |b Jurídica,  |c 2014 
300 |a 1184 páginas 
505 |a Mensaje del Ejecutivo. -Título Preliminar. Disposiciones generales. -Libro I. De los Comerciantes y de los Agentes del Comercio. -Libro II. De los Contratos y Obligaciones Mercantiles en General. -Libro III. De la Navegación y el Comercio Marítimos. -Libro IV (Derogado). Apéndice (actualizado al 7 de julio de 2014): -Ley N.º 20.720. Sustituye el régimen concursal vigente por una Ley de Reorganización y Liquidación de Empresas y Personas, y perfecciona el rol de la Superintendencia del ramo. -Ley N.º 18.092. Dicta nuevas normas sobre letra de cambio y pagaré y deroga disposiciones del Código de Comercio. -Ley N.º 4.287. Ley sobre prenda de valores mobiliarios a favor de los Bancos. -Ley N.º 18.045. Ley de Mercado de Valores. -Ley N.º 18.046. Ley sobre sociedades anónimas. -Ley N.º 3.918. Ley sobre sociedades de responsabilidad limitada. -Ley N.º 20.190. Dicta normas sobre prenda sin desplazamiento y crea el Registro de Prendas sin Desplazamiento. -Ley N.º 18.552. Regula tratamiento de títulos de crédito. -Ley N.º 20.169. Regula la competencia desleal. -Ley N.º 19.499. Establece normas sobre saneamiento de vicios de nulidad de sociedades y modifica Código de Comercio y otros cuerpos legales. -Ley N.º 19.857. Autoriza el establecimiento de empresas individuales de responsabilidad limitada. -Ley N.º 20.659. Simplifica el régimen de constitución, modificación y disolución de las sociedades comerciales. -Ley N.º 20.712. Administración de Fondos de Terceros y Carteras Individuales y deroga los cuerpos legales que indica. 
583 |a last modification  |c 20140821 14:35:00  |k Rodrigo Vera 
650 0 |a Derecho comercial chileno  |9 430902 
650 0 |a Código de comercio   |9 329302 
942 |c BK  |2 ddc 
945 |d 20140821 14:35:00  |a arojas 
952 |0 0  |1 0  |3 erb  |4 0  |6 346_830700000000000_CHI_2014  |7 0  |8 R  |9 464205  |a BIBDER  |b BIBDER  |i 511070K  |o 346.8307 CHI 2014  |p 511070K  |r 2023-01-25  |w 2019-11-23  |y BK_R  |z Catalogado en:20140821  |k DER 
952 |0 0  |1 0  |3 erb  |4 0  |6 346_830700000000000_CHI_2014  |7 0  |8 R  |9 464206  |a BIBDER  |b BIBDER  |i 5110718  |o 346.8307 CHI 2014  |p 5110718  |r 2023-01-25  |w 2019-11-23  |y BK_R  |z Catalogado en:20140821  |k DER 
952 |0 0  |1 0  |3 erb  |4 0  |6 346_830700000000000_CHI_2014  |7 0  |8 R  |9 464207  |a BIBDER  |b BIBDER  |i 5110726  |o 346.8307 CHI 2014  |p 5110726  |r 2023-01-25  |w 2019-11-23  |y BK_R  |z Catalogado en:20140821  |k DER